Statistics for London Tube Stops (Northern Line)

Click here to take the quiz!

General Stats

  • This quiz has been taken 913 times
  • The average score is 28 of 49

Answer Stats

Answer% Correct
Goodge Street
96%
Old Street
96%
Warren Street
96%
King's Cross St Pancras
80%
Bank
77%
Euston
76%
Camden Town
74%
Morden
73%
Angel
69%
London Bridge
69%
Charing Cross
68%
Leicester Square
67%
Tottenham Court Road
67%
Waterloo
67%
Kennington
64%
High Barnet
63%
Oval
63%
Clapham Common
60%
Edgware
60%
Mornington Crescent
60%
Elephant and Castle
59%
Embankment
59%
Clapham North
58%
Moorgate
58%
Clapham South
57%
Tooting Bec
57%
Chalk Farm
55%
Borough
53%
Balham
52%
Stockwell
52%
Kentish Town
51%
Tooting Broadway
51%
Mill Hill East
50%
Hampstead
49%
Golders Green
48%
East Finchley
46%
Finchley Central
45%
Highgate
45%
South Wimbledon
45%
Belsize Park
44%
Brent Cross
43%
Tufnell Park
40%
Colindale
39%
Colliers Wood
39%
Hendon Central
36%
West Finchley
36%
Burnt Oak
35%
Totteridge and Whetstone
33%
Woodside Park
28%

Score Distribution

Percentile by Number Answered

Percent of People with Each Score

Your Score History

You have not taken this quiz